[Event "Challenge"]
[Site "http://www.queenalice.com/game.php?id=220969"]
[Date "2007.6.5"]
[Round "-"]
[White "fabianocsk"]
[Black "farofa38"]
[Result "0-1"]
[WhiteElo "1110"]
[BlackElo "1476"]

1. g3 e5 2. h4 Qf6 3. f3 Bc5 4. e3 Nh6 5. Nc3 Nc6 6. Nd5 Qd6 7. Bc4 Kd8 8. d4
exd4 9. f4 b5 10. Bxb5 Qxd5 11. Qf3 Qxf3 12. Nxf3 dxe3 13. Ng5 Ke7 14. Ne4 Bd4
15. c3 Bb6 16. Ng5 a6 17. Bc4 f6 18. Ne4 Bb7 19. a4 Na5 0-1

[Event "Challenge"]
[Site "http://www.queenalice.com/game.php?id=221630"]
[Date "2007.6.7"]
[Round "-"]
[White "bonzinho"]
[Black "farofa38"]
[Result "0-1"]
[WhiteElo "1364"]
[BlackElo "1475"]

1. d4 b5 2. Nc3 a6 3. a4 c6 4. axb5 cxb5 5. Nxb5 axb5 6. Rxa8 Bb7 7. Ra7 Be4 8.
f3 Bf5 9. Bf4 e6 10. g4 Bg6 11. h4 d6 12. Ra8 b4 0-1

[Event "Challenge"]
[Site "http://www.queenalice.com/game.php?id=223866"]
[Date "2007.6.12"]
[Round "-"]
[White "nandocassapava"]
[Black "farofa38"]
[Result "1-0"]
[WhiteElo "1273"]
[BlackElo "1500"]

1. e4 e5 2. a3 d5 3. exd5 Qxd5 4. Nc3 Qd6 5. Bc4 Qf6 6. Nge2 Bc5 7. O-O Nh6 8.
Nd5 Qc6 9. Qe1 O-O 10. b4 Bd4 11. Ne7+ Kh8 12. Nxc6 bxc6 13. Nxd4 exd4 14. c3
dxc3 15. dxc3 Ng4 16. Qe7 Ba6 17. Qxf8# 1-0

[Event "Challenge"]
[Site "http://www.queenalice.com/game.php?id=224231"]
[Date "2007.6.13"]
[Round "-"]
[White "farofa38"]
[Black "Hugo62"]
[Result "1-0"]
[WhiteElo "1473"]
[BlackElo "1204"]

1. g4 Nf6 2. h3 e6 3. e3 Nc6 4. g5 Ne4 5. d3 Nxg5 6. e4 Nd4 7. c3 Nb5 8. h4 Nxe4
9. dxe4 e5 10. Bxb5 Qe7 11. Nd2 b6 12. Nc4 Bb7 13. f3 a5 14. Nh3 Qxh4+ 15. Kf1
Bc5 16. b4 axb4 17. cxb4 Bxb4 18. Qxd7+ Kf8 19. Nxe5 Qe1+ 20. Kg2 Qe3 21. Bxe3
Bc3 22. Qxf7# 1-0

[Event "Challenge"]
[Site "http://www.queenalice.com/game.php?id=224232"]
[Date "2007.6.13"]
[Round "-"]
[White "farofa38"]
[Black "Liz"]
[Result "1-0"]
[WhiteElo "1460"]
[BlackElo "1188"]

1. g4 d5 2. h3 e6 3. e3 Nf6 4. f4 Ne4 5. d3 Ng3 6. Rh2 Nxf1 7. Kxf1 Bd6 8. c4
dxc4 9. dxc4 c5 10. Rd2 O-O 11. Rxd6 Qe7 12. Nf3 b6 13. Qd3 g6 14. f5 Qf6 15. e4
h5 16. fxg6 fxg6 17. Ke2 Na6 18. e5 Qxf3+ 19. Qxf3 Rxf3 20. Kxf3 Nb4 21. a3 Nc2
22. Ra2 Bb7+ 23. Ke2 Bg2 24. gxh5 Bxh3 25. hxg6 Kg7 26. Rd3 Nd4+ 27. Ke1 Bf5 28.
Rxd4 cxd4 29. Nd2 Bxg6 30. b4 a5 31. b5 Bd3 32. a4 Rf8 33. Nb3 Bxc4 34. Rb2 d3
35. Nd4 Rd8 36. Rg2+ Kf7 37. Bb2 Bb3 38. Kd2 Bxa4 39. Kxd3 Bxb5+ 40. Ke3 Rd5 41.
Rg5 Bf1 42. Ba3 b5 43. Nc6 b4 44. Bb2 a4 45. Nxb4 Rb5 46. Bc3 a3 47. Rg1 Bc4 48.
Kf4 Rb8 49. Nc6 1-0

[Event "Challenge"]
[Site "http://www.queenalice.com/game.php?id=224238"]
[Date "2007.6.13"]
[Round "-"]
[White "farofa38"]
[Black "lezeu63"]
[Result "0-1"]
[WhiteElo "1462"]
[BlackElo "1280"]

1. g4 d5 2. h3 f5 3. f3 Nf6 4. g5 Nh5 5. d4 Ng3 6. Rh2 e6 7. f4 Bd6 8. Nf3 Nc6
9. c3 h6 10. b4 a5 11. b5 Ne7 12. h4 Ng6 13. e3 Bd7 14. a4 c6 15. bxc6 Bxc6 16.
Rg2 Nxf1 17. Kxf1 hxg5 18. fxg5 Nxh4 19. Nxh4 Rxh4 20. Qb3 Ra6 21. c4 dxc4 22.
Qxc4 Bxg2+ 23. Kxg2 Kd7 24. Nc3 Qxg5+ 25. Kf3 Qg3+ 26. Ke2 Rc6 27. Qb5 Bc7 28.
Kd3 b6 29. d5 exd5 30. Qxd5+ Rd6 31. Qxd6+ Qxd6+ 32. Kc2 Qc5 33. Rb1 Rxa4 34.
Bd2 Be5 35. Rd1 Kc6 36. Kb3 Qb4+ 37. Kc2 Bxc3 38. Bxc3 Ra2+ 39. Kd3 Qd6+ 40. Bd4
f4 41. e4 Ra4 42. Kc3 Qa3+ 43. Kc2 Qg3 44. Bb2 f3 45. Bd4 f2 46. Rf1 Rxd4 47.
Kb2 Rxe4 48. Kc2 Qg2 49. Rxf2 Qxf2+ 50. Kc3 Kc5 51. Kd3 Re3# 0-1

[Event "Challenge"]
[Site "http://www.queenalice.com/game.php?id=224239"]
[Date "2007.6.13"]
[Round "-"]
[White "farofa38"]
[Black "AMiller2"]
[Result "0-1"]
[WhiteElo "1474"]
[BlackElo "1287"]

1. g4 e5 2. e4 Nf6 3. f3 Bc5 4. Nh3 Nc6 5. c3 O-O 6. g5 Nh5 7. Bc4 Na5 8. b3 Nf4
9. Nxf4 exf4 10. d4 d6 11. dxc5 Re8 12. Qd5 Be6 13. Qd4 Nc6 14. Qd2 Ne5 15. Qxf4
f6 16. cxd6 Qxd6 17. gxf6 Rad8 18. Nd2 Rf8 19. h4 Rxf6 20. Qg5 Nxf3+ 21. Nxf3
Qd1+ 22. Kf2 Qxh1 23. Be2 Rdf8 24. Qg3 Rg6 25. Qe5 Bg4 26. Qd5+ Re6 27. Qd3 Ref6
28. Bb2 Rxf3+ 29. Bxf3 Rxf3+ 30. Qxf3 Qxf3+ 31. Kg1 Qg3+ 32. Kf1 Qxh4 33. c4 Bf3
34. e5 Qh2 35. e6 Qg2+ 36. Ke1 Qe2# 0-1

[Event "Challenge"]
[Site "http://www.queenalice.com/game.php?id=224728"]
[Date "2007.6.14"]
[Round "-"]
[White "farofa38"]
[Black "fabianocsk"]
[Result "1-0"]
[WhiteElo "1474"]
[BlackElo "1112"]

1. g4 d5 2. h3 d4 3. Nf3 f5 4. Ng5 b5 5. e4 e6 6. Bg2 Qxg5 7. e5 c6 8. c3 d3 9.
Bf3 Bc5 10. h4 Qf4 11. gxf5 Qxe5+ 12. Kf1 exf5 13. b4 Bd6 14. Rh3 1-0

[Event "O 2º DESAFIO"]
[Site "http://www.queenalice.com/game.php?id=227378"]
[Date "2007.6.19"]
[Round "-"]
[White "Kaka"]
[Black "farofa38"]
[Result "0-1"]
[WhiteElo "1560"]
[BlackElo "1439"]

1. Nf3 b5 2. Nd4 a6 3. Nc3 e5 4. Nf5 d5 5. g4 d4 6. Ne4 Bb7 7. Bg2 g6 8. Nfg3 f5
9. gxf5 gxf5 10. Nxf5 b4 11. b3 h5 12. d3 Qd7 13. Nfg3 Qg7 14. Bg5 Be7 15. Nf5
Qg6 16. Nxe7 Nxe7 17. e3 Bxe4 18. Bxe4 Qxg5 19. Bxa8 dxe3 20. h4 Qf4 21. f3 c6
22. Qe2 Nd5 23. O-O-O Nc3 24. Qg2 e2+ 25. Kb2 exd1=Q 26. Rxd1 Nxd1+ 27. Kb1 Qd4
28. Qg6+ Kd8 29. Qf6+ Kc7 30. Kc1 Nc3 31. Qg7+ Kc8 32. Qxh8+ Kc7 33. Qg7+ Qd7
34. Qxe5+ Kb6 35. Qxb8+ Kc5 36. Qf8+ Qd6 37. Qf5+ Qd5 38. Qf6 Kb6 39. f4 Qh1+
40. Kb2 Qb1# 0-1

[Event "Challenge"]
[Site "http://www.queenalice.com/game.php?id=228203"]
[Date "2007.6.20"]
[Round "-"]
[White "kfe"]
[Black "farofa38"]
[Result "1-0"]
[WhiteElo "1518"]
[BlackElo "1516"]

1. e4 e5 2. Nf3 d6 3. d3 a6 4. d4 exd4 5. Qxd4 c5 6. Qc4 b5 7. Qd5 Ra7 8. Ng5
Be6 9. Nxe6 Qf6 10. Nxf8 Kxf8 11. Be3 Ne7 12. Qd1 Qxb2 13. Bxc5 dxc5 14. Qd8#
1-0

[Event "Challenge"]
[Site "http://www.queenalice.com/game.php?id=228204"]
[Date "2007.6.20"]
[Round "-"]
[White "farofa38"]
[Black "kfe"]
[Result "0-1"]
[WhiteElo "1487"]
[BlackElo "1527"]

1. g4 d5 2. h3 e5 3. d4 e4 4. b3 Nc6 5. c4 dxc4 6. d5 Nb4 7. Bg2 Qe7 8. bxc4 Na6
9. Nc3 Qb4 10. Bd2 Nc5 11. Nxe4 Qxc4 12. Ng5 Nh6 13. e4 b6 14. a3 Ba6 15. N1f3
Nd3+ 16. Kf1 Nb2+ 17. Qe2 Qa4 18. Ra2 Bxe2+ 19. Kxe2 Qc4+ 20. Ke1 Qxa2 21. Ne5
Qb3 22. Ke2 Qb5+ 23. Ke3 f6 24. Nef7 Bc5+ 25. Kf4 Nxf7 26. Ne6 Bd6+ 27. Ke3 Qd3#
0-1

[Event "Challenge"]
[Site "http://www.queenalice.com/game.php?id=232341"]
[Date "2007.6.29"]
[Round "-"]
[White "nandocassapava"]
[Black "farofa38"]
[Result "1-0"]
[WhiteElo "1607"]
[BlackElo "1499"]

1. e4 e5 2. a3 d6 3. Nc3 c6 4. Bc4 h5 5. Nge2 Bg4 6. f3 Be6 7. Bxe6 fxe6 8. O-O
d5 9. d3 d4 10. Na2 c5 11. f4 Bd6 12. fxe5 Bxe5 13. Nf4 Qh4 14. Rf3 Nh6 15. Rh3
Qf6 16. Qf1 Ng4 17. b4 cxb4 18. Nxb4 Nd7 19. Rf3 Qh4 20. Rh3 Qf6 21. Bd2 h4 22.
Rb1 a5 23. Na2 Nc5 24. Qf3 Rf8 25. Qxg4 Bxf4 26. Rf1 e5 27. Rhf3 Ne6 28. Nc1 a4
29. Ne2 g5 30. Qh5+ Kd8 31. c3 dxc3 32. Nxc3 Nd4 33. Nd5 Qd6 34. Bxf4 Nxf3+ 35.
Rxf3 exf4 36. Qxg5+ Kc8 37. h3 b5 38. Rf1 Kb7 39. Rb1 Qxa3 40. Rxb5+ Kc6 41.
Rb6+ Kc5 42. Qe7+ Kd4 43. Qxa3 Rg8 44. Qc3# 1-0

[Event "IL GAGNE MIEUX"]
[Site "http://www.queenalice.com/game.php?id=232757"]
[Date "2007.6.30"]
[Round "-"]
[White "black_dama"]
[Black "farofa38"]
[Result "1-0"]
[WhiteElo "1931"]
[BlackElo "1465"]

1. b3 e6 2. e4 Nc6 3. d4 Nf6 4. e5 Ne4 5. Nh3 f6 6. exf6 Qxf6 7. c3 d5 8. Bd3
Nd6 9. Bg5 Qf7 10. O-O h6 11. Be3 e5 12. dxe5 Nxe5 13. Nf4 g5 14. Bd4 Qxf4 15.
g3 Qf6 16. Re1 Bh3 17. Bxe5 Qd8 18. Qh5+ Ke7 19. Bf6+ Kd7 20. Qxh3+ Kc6 21. Bxd8
Rxd8 22. Qg4 b5 23. a4 bxa4 24. Qxa4+ Kb6 25. Qa6+ Kc5 26. Ra5+ Nb5 27. Rxb5#
1-0

[Event "Challenge"]
[Site "http://www.queenalice.com/game.php?id=233442"]
[Date "2007.7.1"]
[Round "-"]
[White "israelramos"]
[Black "farofa38"]
[Result "1-0"]
[WhiteElo "1778"]
[BlackElo "1478"]

1. e4 e5 2. Bc4 c6 3. Qh5 g6 4. Qf3 Nh6 5. h3 b5 6. Bb3 f6 7. d3 Nf7 8. Ne2 g5
9. Bxg5 Nxg5 10. Qh5+ Ke7 11. h4 Ne6 12. Ng3 Qa5+ 13. c3 Na6 14. Nf5+ Kd8 15.
Qf7 Bg7 16. Bxe6 Nc5 17. Qe7+ Kc7 18. Qxc5 Bf8 19. Ne7 d6 20. Qxc6+ Kb8 21.
Qxc8# 1-0

[Event "3 DESAFIO"]
[Site "http://www.queenalice.com/game.php?id=238778"]
[Date "2007.7.12"]
[Round "-"]
[White "Kaka"]
[Black "farofa38"]
[Result "0-1"]
[WhiteElo "1581"]
[BlackElo "1451"]

1. e4 e5 2. Nf3 f6 3. Ng5 fxg5 4. Qh5+ g6 5. Qh3 Nc6 6. Nc3 d5 7. Qd3 d4 8. Nb5
a6 9. Qb3 axb5 10. Qxb5 g4 11. g3 h5 12. h4 Ra5 13. Qd3 b5 14. Qb3 Nf6 15. Bxb5
Bd7 16. Bc4 Nxe4 17. Bf7+ Ke7 18. Bxg6 Nc5 19. Qf7+ Kd6 20. Bxh5 Be8 21. Qf6+
Qxf6 22. Bxe8 Nb4 23. Ke2 Nxc2 24. Rb1 e4 25. Rf1 d3+ 26. Kd1 Qf3# 0-1

[Event "4 DESAFIO - Kaka de pretas"]
[Site "http://www.queenalice.com/game.php?id=238780"]
[Date "2007.7.12"]
[Round "-"]
[White "farofa38"]
[Black "Kaka"]
[Result "1-0"]
[WhiteElo "1483"]
[BlackElo "1478"]

1. g4 d6 2. f3 e5 3. e4 a6 4. c4 c5 5. h4 g6 6. Nc3 Nc6 7. Nd5 Nd4 8. d3 Qa5+ 9.
Kf2 Be6 10. Bd2 Qd8 11. f4 Nh6 12. fxe5 Nxg4+ 13. Kg3 Be7 14. exd6 Bxd6+ 15. Kg2
h5 16. Bg5 Qd7 17. Bf6 Rg8 18. Bxd4 f5 19. e5 Bxd5+ 20. cxd5 cxd4 21. exd6 Qxd6
22. Qb3 b5 23. Nf3 Ne3+ 24. Kf2 Rc8 25. Nxd4 f4 26. Bh3 Rc2+ 27. Nxc2 g5 28. Be6
Rg6 29. Nxe3 fxe3+ 30. Kxe3 Qf4+ 31. Ke2 g4 32. Raf1 Qe5+ 33. Kd2 g3 34. Bf7+
Ke7 35. Bxg6 g2 36. Rf7+ Kd8 37. Rg1 Qh2 38. Qd1 a5 39. Qe1 Qxh4 40. Qxh4+ 1-0

[Event "Challenge"]
[Site "http://www.queenalice.com/game.php?id=244963"]
[Date "2007.7.24"]
[Round "-"]
[White "farofa38"]
[Black "rafaelbdb"]
[Result "1-0"]
[WhiteElo "1475"]
[BlackElo "1263"]

1. g4 e5 2. e4 Nc6 3. Qf3 Nd4 4. Qc3 d6 5. f4 Bxg4 6. fxe5 dxe5 7. h3 Be6 8. a4
Nf6 9. Bb5+ c6 10. Be2 Bb4 11. Qd3 O-O 12. c3 1-0

[Event "Challenge"]
[Site "http://www.queenalice.com/game.php?id=253576"]
[Date "2007.8.9"]
[Round "-"]
[White "julisses"]
[Black "farofa38"]
[Result "1-0"]
[WhiteElo "1575"]
[BlackElo "1485"]

1. e4 e5 2. Qh5 d6 3. Bc4 g6 4. Qf3 Nh6 5. d4 Bg4 6. Qg3 f5 7. dxe5 dxe5 8. f3
f4 9. Qf2 Bh5 10. h4 Nc6 11. g4 Bxg4 12. fxg4 Nxg4 13. Qe2 h5 14. Nf3 a6 15. Ng5
Ke7 16. Nf7 Nd4 17. Qd3 Qe8 18. Nxh8 b5 19. Bf7 Qd8 20. Bxg6 c5 21. Bxh5 Bg7 22.
Bxg4 Bxh8 23. Nc3 c4 24. Nd5+ Kf7 25. Qc3 Kg6 26. h5+ Kg5 27. Qh3 a5 28. Qh4+
Kh6 29. Bf5 Nf3+ 30. Ke2 1-0

[Event "+ 1, Eu de Bca"]
[Site "http://www.queenalice.com/game.php?id=264755"]
[Date "2007.9.1"]
[Round "-"]
[White "Kaka"]
[Black "farofa38"]
[Result "1-0"]
[WhiteElo "1553"]
[BlackElo "1499"]

1. g3 e5 2. Bg2 Nh6 3. d4 d6 4. d5 g5 5. Nf3 g4 6. Ng5 Na6 7. Qd3 Nb4 8. Qc4 a5
9. Qb5+ Bd7 10. Qxb7 Nxc2+ 11. Kf1 Nxa1 12. Be4 f6 13. Nc3 a4 14. Qb4 fxg5 15.
Qc4 Ra5 16. Qb4 c5 17. dxc6 d5 18. Qb7 Bc8 19. Qb8 dxe4 20. c7 Qd7 21. Bxg5 Nc2
22. Kg2 1-0

[Event "+ 1, Eu de Pta"]
[Site "http://www.queenalice.com/game.php?id=264759"]
[Date "2007.9.1"]
[Round "-"]
[White "farofa38"]
[Black "Kaka"]
[Result "0-1"]
[WhiteElo "1514"]
[BlackElo "1538"]

1. c4 c5 2. Nf3 d5 3. b3 d4 4. e4 dxe3 5. fxe3 Bg4 6. Nc3 Nc6 7. g3 Qd7 8. Nd5
Ne5 9. Bg2 Nf6 10. Nxe5 Qf5 11. Nf3 Rc8 12. O-O e6 13. Nxf6+ Qxf6 14. Rb1 h5 15.
e4 e5 16. Qe1 Rd8 17. Nh4 Qh6 18. d3 g5 19. Qf2 Rh7 20. h3 Be6 21. Nf5 Qf6 0-1